00897nam a2200145Ia 4500008004100000020001800041100010100059245025700160260002700417650013300444650002200577856004200599999001900641952009100660171212s9999 xx 000 0 und d a9780833046161 aJackson, Brian A.;Schaefer, Agnes Gereben;Noricks, Darcy;Goldsmith, Benjamin W;Lester, Genevieve cJackson, Brian A.;Schaefer, Agnes Gereben;Noricks, Darcy;Goldsmith, Benjamin W;Lester, GenevieveaThe Challenge of Domestic Intelligence in a Free SocietybA Multidisciplinary Look at the Creation of a U.S. Domestic Counterterrorism Intelligence Agency bRAND Corporationc2009 aIntelligence service -- United States; Terrorism -- United States -- Prevention; Terrorism -- Government policy -- United States aPolitical Science uwww.jstor.org/stable/10.7249/mg804dhs c352622d352622 001040aCLbCLd2017-12-12l0oJK468.I6J33 2009r2017-12-12 00:00:00w2017-12-12yCBE